James Bond films - Difficult - Statistics

General Stats
  • This quiz has been taken 372 times
  • The average score is 7 of 15
Answer Stats
Question Answer % Correct
What time remains on Goldfinger's nuclear bomb when the timer is stopped? 007 seconds
90%
What was 009 dressed as when he was assassinated in Berlin? A circus clown
85%
In which US state has Hugo Drax rebuilt a French chateau in Moonraker? California
62%
What is the name of Elliot Carver's English newspaper? Tomorrow
62%
What is the name of the man who tried to kill Bond with a spider in Dr. No? Professor Dent
52%
Mr. White is a member of which worldwide criminal organisation? Quantum
49%
Wai Lin holds what rank in the Chinese People's External Security Force? Colonel
42%
What is the name of Felix Leiter's bride in Licence To Kill? Della Leiter (nee Churchill)
38%
From which fictional republic does Franz Sanchez run his drug operations? The Republic of Isthmus
37%
What is the airport password used by Carlos in Casino Royale? Ellipsis
35%
Which film features the ship RMS Queen Elizabeth? The Man With The Golden Gun
27%
Francisco Scaramanga assembles his famous Golden Gun from a golden pen, a golden lighter, a golden cuff link and which other gold item? A cigarette case
19%
What is the name of the spy ship sunk by a mine early in For Your Eyes Only? The St. George's
19%
On which ship is Bond tied to a chair by SPECTRE agent Helga Brandt? The Ning-Po
18%
What is the name of the fencing instructor in Die Another Day? Verity
18%
No matching quizzes found
Score Distribution
Percent of People with Each Score
Percentile by Number Answered
Your Score History
You have not taken this quiz